000 00219 a2200097 4500
001 27198
100 _aHarris Malcolm
245 _aEffective unarmed combat
260 _a
_bArco publishing
_c1974
090 _c18120
_d18120
942 _aNUST-CAE
_cM
_c9026
999 _c262271
_d262271